000
00302nam a22001457a 4500
003
OSt
005
20160727222358.0
008
160622b xxu||||| |||| 00| 0 eng d
040
_c
TEST
100
_9
606
_a
Joni
245
_a
Michigan
260
_a
Zonderan
_b
1979
_c
212
300
_a
Joni
942
_2
ddc
_c
BK
999
_c
495
_d
495